Statistics for Celtic Nations in Native Language

Click here to take the quiz!

General Stats

  • This quiz has been taken 66 times
  • The average score is 6 of 6

Answer Stats

HintAnswer% Correct
ÉireIreland
98%
AlbaScotland
97%
CymruWales
97%
BreizhBrittany
90%
KernowCornwall
90%
Ellan VanninIsle of Man
88%

Score Distribution

Percentile by Number Answered

Percent of People with Each Score

Your Score History

You have not taken this quiz